000 03480nam a2200553 a 4500
008 250818e2021 ag ||||| |||| 001 0 spa d
020 _a9789874090416
041 _aspa
092 _c616.12
_l35
_sHOU
100 1 _aHouston, Mark C.
_94355
245 _aMedicina Cardiovascular Integral.
_bPersonalizada y de precisión /
_cMark C. Houston
250 _a1a. ed.
_bTraducción Domingo Palmero
260 _aCiudad Autónoma de Buenos Aires:
_bAnejo Producciones;
_c2021.
300 _a488 p.
_b25x19 cm.
500 _aHouston, M. C. ( 2021). Medicina Cardiovascular Integral : Personalizada y de precisión. (1a. ed.). Ciudad Autónoma de Buenos Aires : Anejo Producciones.
590 _aDonación Piacentini Facundo, julio 2025.
653 _aIntroducción a la medicina cardiovascular funcional, metabólica e integral.
653 _aConceptos básicos fundamentales en medicina vascular.
653 _aBiología vascular y envejecimiento vascular
653 _aNutrición y enfermedades cardiovasculares.
653 3 _aEl papel del ejercicio.
653 _aGenómica cardiovascular.
653 _aPruebas y enfermedades cardiovasculares.
653 _aCardiograma multifunción, también conocido como MCG.
653 _aCapwa: Análisis computarizado de ondas de pulso arterial.
653 _aTomografía computarizada cardiovascular
653 _aEcografía de esfuerzo en la evaluación de la ateriopatía coronaria sospechosa.
653 _aEcografía carotídea.
653 _aPruebas completas y avanzadas del laboratorio cardiovascular.
653 _aPoblaciones especiales y enfermedades cardiovasculares
653 _aPrueba de esfuerzo cardiopulmonar.
653 _aAbordaje integrativo de la hipertensión: fisiopatología, epidemiología, aspectos clínicos, diagnóstico, prevención y tratamiento con nutrición, suplementales, estilo de vida y medicamentos.
653 _aNutrición, suplementos nutricionales y fármacos en el tratamiento de la dislipidemia.
653 _aFactores de riesgo de cardiopatía coronaria, cardiopatía coroniaria, insuficiencia cardiaca congestiva y cardiología metabólica.
653 _aHormonas sexuales en la mujer.
653 _aInfluencias de las tiroides y las suprarrenales en el sistema cardiovascular.
653 _aResistencia a la insulina, síndrome metabólico y diabetes mellitus tipo 1 y tipo 2 : fisiolopatología, consideraciones metabólicas y presentación clínica.
653 _aEl papel de la microbiota intestinal en las enfermedades cardiovasculares.
653 _aObesidad, adipocinas, inflamación y enfermedades cardiovasculares.
653 _aEnfermedad cerebrovascular, demencia vascular, arteriopatía carotídea y ACV: diagnóstico, prevención y tratamiento.
653 _aNefropatía, proteinuria: implicacionespara el riesgo cardiovascular.
653 _aDepresión , ansiedad, estrés y espiritualismo en las enfermedades cardiovasculares.
653 _aToxinas ambientales y enfermedades cardiovasculares.
653 _aEl papel de la terapia de quelación en las enfermedades cardiovasculares, la diabetes mellitus y la detoxificación de metales pesados: los ensayos TACT.
653 _aCardiopatía en mujeres.
653 _aEl papel de los fitofármacos en la hipertensión y las enfermedades cardiovasculares.
653 _aConsecuencias del agotamiento de nutrientes inducido por fármacos cardiovasculares.
942 _2ddc
_cBK
999 _c3302
_d3302